Investigaciones sobre Juan Álvarez Gato (Record no. 98087)

MARC details
000 -LEADER
campo de control de longitud fija 00829nam a2200217 i 4500
001 - NÚMERO DE CONTROL
campo de control 98087
003 - IDENTIFICADOR DE NÚMERO DE CONTROL
campo de control ES-MaACL
005 - FECHA Y HORA DE LA ÚLTIMA TRANSACCIÓN
campo de control 20250927101110.0
007 - CAMPO FIJO DE DESCRIPCIÓN FÍSICA--INFORMACIÓN GENERAL
campo de control de longitud fija t|
008 - DATOS DE LONGITUD FIJA--INFORMACIÓN GENERAL
campo de control de longitud fija 050722s1960 sp |||| |dspa d
100 1# - ENTRADA PRINCIPAL--NOMBRE DE PERSONA
Nombre de persona Márquez Villanueva, Francisco.
9 (RLIN) 77039
245 10 - MENCIÓN DEL TÍTULO
Título Investigaciones sobre Juan Álvarez Gato
Resto del título : contribución al conocimiento de la literatura castellana del siglo XV /
Mención de responsabilidad, etc. Francisco Márquez Villanueva.
260 ## - PUBLICACIÓN, DISTRIBUCIÓN, ETC.
Lugar de publicación, distribución, etc. Madrid :
Nombre del editor, distribuidor, etc. Real Academia Española,
Fecha de publicación, distribución, etc. 1960.
300 ## - DESCRIPCIÓN FÍSICA
Extensión 534 p. ;
Dimensiones 23 cm.
490 1# - MENCIÓN DE SERIE
Mención de serie Anejos del Boletín de la Real Academia Española ;
Designación de volumen o secuencia IV
600 17 - PUNTO DE ACCESO ADICIONAL DE MATERIA--NOMBRE DE PERSONA
Nombre de persona Álvarez Gato, Juan,
Fechas asociadas al nombre 1433?-1496?
Fuente del encabezamiento o término
9 (RLIN) 163088
710 2# - ENTRADA AGREGADA--NOMBRE DE ENTIDAD CORPORATIVA
Nombre de entidad corporativa o nombre de jurisdicción como elemento de entrada Real Academia Española
9 (RLIN) 6336
830 0# - PUNTO DE ACCESO ADICIONAL DE SERIE-TÍTULO UNIFORME
Título uniforme Anejos del Boletín de la Real Academia Española ;
Designación de volumen o secuencia IV
9 (RLIN) 180902
852 ## - LOCALIZACIÓN
Ubicación ES-MaACL
Número de control de estantería G-4327
Holdings
Estatus retirado Estado de pérdida Estado de daño No para préstamo Biblioteca de origen Biblioteca actual Ubicación en estantería Fecha de adquisición Fuente de adquisición Total de préstamos Signatura topográfica completa Código de barras Visto por última vez Precio de reemplazo Tipo de ítem Koha
        Biblioteca del Ateneo de Madrid Biblioteca del Ateneo de Madrid Depósito 2 17/01/2008     G-4327 1102393 23/02/2023 23/02/2023 Libro impreso